| 000 | 00749nam a2200265 i 4500 | ||
|---|---|---|---|
| 001 | bg | ||
| 100 | 1 | _aBELL, Jan | |
| 245 | 1 | 0 |
_aAdvanced expert CAE : _bcoursebook / _cJan Bell, Roger Gower with Drew Hyde. |
| 260 |
_aHarlow : _bLongman : _bPearson Education, _c2005. |
||
| 300 |
_a207 s. : _bil. ; _c30 cm. |
||
| 650 | 9 | _aJęzyk angielski | |
| 655 | _aPodręczniki | ||
| 700 | 1 | _aGOWER, Roger | |
| 700 | 1 | _aHYDE, Drew | |
| 020 | _a0582823919 | ||
| 020 | _a9780582823914 | ||
| 040 | _cBPK | ||
| 041 | 0 | _aeng | |
| 080 | _a811.111(07) | ||
| 920 | _a0-582-82391-9 | ||
| 920 | _a978-0-582-82391-4 | ||
| 942 | _cKS | ||
| 008 | s pl f |000 0 pol | ||
| 999 |
_c52473 _d52473 |
||
| 856 |
_uhttp://koha.tu.koszalin.pl/cgi-bin/koha/opac-detail.pl?biblionumber=52473 _yKatalog online BPK |
||